Catálogo
 En Linea

Transparencia en la gestión pública. (Registro nro. 29062)

Detalles MARC
000 -CABECERA
campo de control de longitud fija 00892nam a2200169 a 4500
001 - NÚMERO DE CONTROL
campo de control 000029570
005 - FECHA Y HORA DE LA ÚLTIMA TRANSACCIÓN
campo de control 20200930055638.0
008 - DATOS DE LONGITUD FIJA--INFORMACIÓN GENERAL
campo de control de longitud fija 110418s1999 dr 000 0 spa d
040 ## - FUENTE DE LA CATALOGACIÓN
Centro catalogador/agencia de origen DO-SdBNP
Lengua de catalogación spa
Centro/agencia transcriptor BNPHU
049 ## - FONDOS LOCALES (OCLC)
Fondos de biblioteca BNPD
110 1# - ENTRADA PRINCIPAL--NOMBRE DE ENTIDAD CORPORATIVA
Nombre de entidad corporativa o nombre de jurisdicción como elemento de entrada República Dominicana . Procuraduría General de la República Dominicana
Unidad subordinada Departamento de Prevención de la Corrupción (DPC),
-- División de Eduación, Unidad de Programas Educativos
9 (RLIN) 56402
245 10 - MENCIÓN DE TÍTULO
Título Transparencia en la gestión pública.
260 ## - PUBLICACIÓN, DISTRIBUCIÓN, ETC.
Lugar de publicación, distribución, etc. Santo Domingo :
Nombre del editor, distribuidor, etc. Procuraduría General de la República Dominicana, Departamento de Prevención de la Corrupción (DPC),
Fecha de publicación, distribución, etc. 1999.
300 ## - DESCRIPCIÓN FÍSICA
Extensión 43 p. ;
Dimensiones 22 cm.
490 1# - MENCIÓN DE SERIE
Mención de serie Programas Educativo de la División de Eduación del Departamento de Prevención de la Corrupción
830 #0 - PUNTO DE ACCESO ADICIONAL DE SERIE-TÍTULO UNIFORME
Título uniforme Programas Educativo de la División de Eduación del Departamento de Prevención de la Corrupción
9 (RLIN) 56403
Existencias
Estado de retiro Estado de pérdida No para préstamo Código de colección Localización permanente Ubicación/localización actual Ubicación en estantería Fecha de adquisición Número de inventario Total de préstamos Signatura topográfica completa Código de barras Fecha visto por última vez Precio válido a partir de Tipo de ítem Koha
    Excluido de préstamo Patrimonio Dominicano Patrimonio Dominicano Patrimonio Dominicano En catalogación 18.04.2011 LF1   29570-10 25.06.2020 25.06.2020 Libro y Folleto Colección Patrimonio Dominicano

Con tecnología Koha